[Event "43. Olimpiada Batumi 2018 Femenina"]
[Site "Batumi GEO"]
[Date "2018.09.25"]
[Round "2.3"]
[White "Mendoza, Shania Mae"]
[Black "Krivec, Jana"]
[Result "0-1"]
[WhiteElo "2113"]
[BlackElo "2185"]
[PlyCount "130"]
[EventDate "2018.09.24"]
[EventType "team-swiss"]
[EventRounds "11"]
[EventCountry "GEO"]
[SourceTitle "Ajedrez en Madrid"]
[Source "lmi"]
[SourceDate "2018.09.24"]
[WhiteTeam "Philippines"]
[BlackTeam "Slovenia"]
[WhiteTeamCountry "PHI"]
[BlackTeamCountry "SLO"]

1. Nf3 f5 2. e4 fxe4 3. Ng5 Nf6 4. d3 e3 5. Bxe3 e6 6. d4 Be7 7. Bd3 O-O 8. Nd2
d5 9. c3 h6 10. h4 e5 11. dxe5 Ng4 12. Ngf3 c5 13. Qe2 Nc6 14. O-O-O Qa5 15.
Kb1 Be6 16. g3 Rab8 17. Nb3 Qb6 18. c4 d4 19. Bd2 Rxf3 20. Qxf3 Ncxe5 21. Qe2
Nxd3 22. Qxd3 Nxf2 23. Qe2 Nxh1 24. Rxh1 Bf5+ 25. Ka1 Qe6 26. Re1 Qxe2 27. Rxe2
Bd6 28. Nxc5 Bg4 29. Re4 Bf3 30. Rf4 Bxf4 31. Bxf4 Re8 32. a3 Rc8 33. Ne6 d3
34. b3 Re8 35. Nd4 Bg4 36. Kb2 Bh5 37. Kc3 Bg6 38. c5 a6 39. b4 Rc8 40. a4 Kf7
41. Bd6 Be4 42. Kd2 g5 43. h5 Kf6 44. g4 Ra8 45. Ke3 Re8 46. Kd2 Rd8 47. Ke3
Re8 48. Kd2 Rh8 49. Ke3 Re8 50. Kd2 Bh7 51. b5 axb5 52. axb5 Ra8 53. c6 bxc6
54. bxc6 Ra2+ 55. Kd1 Be4 56. Bb4 Ke5 57. c7 Bb7 58. Nf5 Rc2 59. Nxh6 Bf3+ 60.
Ke1 Rxc7 61. Kd2 Be4 62. Bc3+ Kf4 63. Ng8 Rxc3 64. Kxc3 Ke3 65. Nf6 d2 0-1

[Event "43. Olimpiada Batumi 2018 Femenina"]
[Site "Batumi GEO"]
[Date "2018.09.25"]
[Round "2.4"]
[White "Vidic, Teja"]
[Black "San Diego, Marie Antoinette"]
[Result "1-0"]
[WhiteElo "2116"]
[BlackElo "2102"]
[PlyCount "139"]
[EventDate "2018.09.24"]
[EventType "team-swiss"]
[EventRounds "11"]
[EventCountry "GEO"]
[SourceTitle "Ajedrez en Madrid"]
[Source "lmi"]
[SourceDate "2018.09.24"]
[WhiteTeam "Slovenia"]
[BlackTeam "Philippines"]
[WhiteTeamCountry "SLO"]
[BlackTeamCountry "PHI"]

1. e4 c5 2. c3 d5 3. exd5 Qxd5 4. d4 g6 5. Nf3 Bg7 6. Na3 cxd4 7. Bc4 Qe4+ 8.
Be3 Nh6 9. cxd4 O-O 10. O-O Bg4 11. Ng5 Bxd1 12. Nxe4 Bg4 13. h3 Bd7 14. Nc5
Nf5 15. Rad1 b6 16. Nxd7 Nxd7 17. Nb5 a6 18. Nc3 b5 19. Bd5 Rad8 20. g4 Nd6 21.
b3 Nb6 22. Bg2 b4 23. Ne2 Nb5 24. d5 Nd7 25. Nd4 Nxd4 26. Bxd4 a5 27. d6 exd6
28. Bxg7 Kxg7 29. Rxd6 Nc5 30. Rfd1 Ne6 31. R1d5 Rxd6 32. Rxd6 Rd8 33. Ra6 Rd1+
34. Kh2 Rd2 35. Rxa5 Rxf2 36. Kg3 Rd2 37. Ra4 Rd4 38. Bf1 Nc5 39. Ra7 Rd7 40.
Ra5 Ne4+ 41. Kf4 Nc3 42. Bc4 Rb7 43. Ke5 Nd1 44. Kd6 Nf2 45. Bf1 h6 46. Bg2 Rb8
47. Ra7 Rd8+ 48. Kc5 Nd3+ 49. Kb5 Nf4 50. Bf1 Rb8+ 51. Kc4 Kf6 52. Ra4 Ke5 53.
Rxb4 Rc8+ 54. Kb5 Nd5 55. Rc4 Nc3+ 56. Ka6 Rxc4 57. Bxc4 Nxa2 58. Bxf7 Kf6 59.
Be8 Kg5 60. Ka5 h5 61. Bd7 Kf4 62. b4 Nc3 63. b5 Nxb5 64. Kxb5 h4 65. Kc5 Kg3
66. Kd5 Kxh3 67. g5+ Kg3 68. Ke5 h3 69. Kf6 h2 70. Bc6 1-0

[Event "43. Olimpiada Batumi 2018 Femenina"]
[Site "Batumi GEO"]
[Date "2018.09.25"]
[Round "2.1"]
[White "Badelka, Olga"]
[Black "Golubenko, Valentina"]
[Result "1-0"]
[WhiteElo "2404"]
[BlackElo "2254"]
[PlyCount "121"]
[EventDate "2018.09.24"]
[EventType "team-swiss"]
[EventRounds "11"]
[EventCountry "GEO"]
[SourceTitle "Ajedrez en Madrid"]
[Source "lmi"]
[SourceDate "2018.09.24"]
[WhiteTeam "Belarus"]
[BlackTeam "Croatia"]
[WhiteTeamCountry "BLR"]
[BlackTeamCountry "CRO"]

1. d4 d5 2. c4 e6 3. Nc3 Nf6 4. cxd5 Nxd5 5. e4 Nxc3 6. bxc3 c5 7. Nf3 cxd4 8.
cxd4 Bb4+ 9. Bd2 Bxd2+ 10. Qxd2 O-O 11. Bc4 Nd7 12. O-O b6 13. Rfe1 Bb7 14.
Rad1 Rc8 15. Bb3 Qe7 16. Qf4 Rc3 17. d5 Nc5 18. Nd4 e5 19. Nf5 Qf6 20. Qd2 Rd3
21. Qc2 Rxd1 22. Rxd1 g6 23. Ne3 Qf4 24. Nc4 Qxe4 25. Qxe4 Nxe4 26. d6 Nc5 27.
Nxe5 Nxb3 28. axb3 Rd8 29. f4 Be4 30. Rd4 Bb7 31. Kf2 f6 32. Nc4 Kf7 33. Rd1 b5
34. Na5 Be4 35. b4 f5 36. Rd2 Ke6 37. Nb3 Rxd6 38. Nc5+ Ke7 39. Ra2 a6 40. g3
Rc6 41. Ke3 Bd5 42. Rxa6 Rxa6 43. Nxa6 Kd6 44. Kd4 Bc4 45. Nc5 Be2 46. Nb3 Bc4
47. Nd2 Be2 48. Ke3 Bd1 49. Nb1 Bb3 50. Na3 Kc6 51. Kd4 Ba4 52. Ke5 Bb3 53. Nb1
Bc4 54. Nc3 Bf7 55. Kf6 Bd5 56. Kg7 Bf3 57. Kxh7 Bh5 58. Kh6 Kb6 59. Kg5 Bg4
60. Kxg6 Kc6 61. h4 1-0

[Event "43. Olimpiada Batumi 2018 Femenina"]
[Site "Batumi GEO"]
[Date "2018.09.25"]
[Round "2.2"]
[White "Medic, Mirjana"]
[Black "Stetsko, Lanita"]
[Result "1/2-1/2"]
[WhiteElo "2167"]
[BlackElo "2188"]
[PlyCount "66"]
[EventDate "2018.09.24"]
[EventType "team-swiss"]
[EventRounds "11"]
[EventCountry "GEO"]
[SourceTitle "Ajedrez en Madrid"]
[Source "lmi"]
[SourceDate "2018.09.24"]
[WhiteTeam "Croatia"]
[BlackTeam "Belarus"]
[WhiteTeamCountry "CRO"]
[BlackTeamCountry "BLR"]

1. d4 Nf6 2. c4 e6 3. Nc3 Bb4 4. e3 O-O 5. Bd3 d5 6. Nf3 c5 7. O-O Nc6 8. cxd5
exd5 9. dxc5 Bxc5 10. Be2 a6 11. a3 Ba7 12. b4 d4 13. exd4 Nxd4 14. Nxd4 Qxd4
15. Bb2 Be6 16. Qxd4 Bxd4 17. Bf3 Rab8 18. Rad1 Rfd8 19. Rd2 Bb3 20. Re1 Kf8
21. h3 b6 22. Ne4 Bxb2 23. Rxb2 Nxe4 24. Rxe4 Bd5 25. Re3 Bxf3 26. Rxf3 Rd1+
27. Kh2 Rc8 28. Rbb3 Rd6 29. Rbc3 Rxc3 30. Rxc3 Ke7 31. Rc7+ Rd7 32. Rc6 Rd6
33. Rc7+ Rd7 1/2-1/2

[Event "43. Olimpiada Batumi 2018 Femenina"]
[Site "Batumi GEO"]
[Date "2018.09.25"]
[Round "2.3"]
[White "Kusenkova, Natallia"]
[Black "Ivekovic, Tihana"]
[Result "1-0"]
[WhiteElo "2167"]
[BlackElo "2114"]
[PlyCount "117"]
[EventDate "2018.09.24"]
[EventType "team-swiss"]
[EventRounds "11"]
[EventCountry "GEO"]
[SourceTitle "Ajedrez en Madrid"]
[Source "lmi"]
[SourceDate "2018.09.24"]
[WhiteTeam "Belarus"]
[BlackTeam "Croatia"]
[WhiteTeamCountry "BLR"]
[BlackTeamCountry "CRO"]

1. d4 d5 2. c4 e6 3. Nf3 Nf6 4. g3 Be7 5. Bg2 O-O 6. O-O dxc4 7. Qc2 a6 8. Qxc4
b5 9. Qc2 Bb7 10. Bd2 Bd6 11. Bg5 Nbd7 12. Nbd2 Rc8 13. Nb3 c5 14. Bxf6 Nxf6
15. Nxc5 Bxc5 16. dxc5 b4 17. Rfc1 a5 18. Qa4 Bc6 19. Qb3 Bd5 20. Qe3 Nd7 21.
Ne5 Nxe5 22. Qxe5 Bxg2 23. Kxg2 Rc6 24. a3 Qb8 25. Qxb8 Rxb8 26. axb4 axb4 27.
Ra5 g6 28. Rc4 Kg7 29. Kf3 Rbc8 30. Ke3 Kf6 31. Rf4+ Ke7 32. Ra7+ R8c7 33.
Rxc7+ Rxc7 34. Rc4 e5 35. Kd3 Ke6 36. e4 Kd7 37. Rc2 Kc6 38. Kc4 Rd7 39. Kxb4
Rd4+ 40. Ka5 Rd1 41. Ka4 Rd4+ 42. b4 Rxe4 43. Ka5 Re1 44. b5+ Kc7 45. c6 Ra1+
46. Kb4 Rb1+ 47. Kc5 f5 48. Ra2 Rc1+ 49. Kd5 Kb6 50. Ra8 Kxb5 51. Rb8+ Ka6 52.
Kd6 Rd1+ 53. Kxe5 Rc1 54. Kd6 Rd1+ 55. Ke6 Rc1 56. Kd7 Rd1+ 57. Kc8 Rd2 58. c7
Rxf2 59. Kd7 1-0

[Event "43. Olimpiada Batumi 2018 Femenina"]
[Site "Batumi GEO"]
[Date "2018.09.25"]
[Round "2.4"]
[White "Cvitan, Ena"]
[Black "Ilyuchyk, Yana"]
[Result "1-0"]
[WhiteElo "2009"]
[BlackElo "2114"]
[PlyCount "121"]
[EventDate "2018.09.24"]
[EventType "team-swiss"]
[EventRounds "11"]
[EventCountry "GEO"]
[SourceTitle "Ajedrez en Madrid"]
[Source "lmi"]
[SourceDate "2018.09.24"]
[WhiteTeam "Croatia"]
[BlackTeam "Belarus"]
[WhiteTeamCountry "CRO"]
[BlackTeamCountry "BLR"]

1. d4 Nf6 2. c4 d6 3. Nc3 Nbd7 4. Nf3 g6 5. e4 e5 6. Be2 Bg7 7. O-O O-O 8. Re1
c6 9. Bf1 h6 10. Qc2 exd4 11. Nxd4 Ng4 12. Rd1 c5 13. Ndb5 a6 14. Nxd6 Bd4 15.
Rxd4 cxd4 16. Nd5 Nde5 17. Nxc8 Rxc8 18. h3 Nf6 19. Bxh6 Nxd5 20. exd5 Re8 21.
Qd2 Qf6 22. b3 Kh7 23. Rd1 Qf5 24. Bf4 b5 25. Qxd4 Nxc4 26. g4 Qc2 27. bxc4 Re4
28. Qd2 Qxd2 29. Rxd2 Rxf4 30. cxb5 axb5 31. Bxb5 Kg7 32. Bc6 Rf6 33. a4 Rc7
34. a5 Rd6 35. Ra2 Kf6 36. a6 Ra7 37. Bb7 Ke5 38. Rc2 Rdxa6 39. Bxa6 Rxa6 40.
Rd2 Kd6 41. Rd3 f6 42. Kg2 g5 43. Kg3 Rb6 44. h4 Rb1 45. hxg5 fxg5 46. Rf3 Rg1+
47. Kh3 Kxd5 48. Rf5+ Ke6 49. Rxg5 Kf6 50. Rf5+ Kg6 51. f3 Kh6 52. Kh2 Ra1 53.
Kg3 Ra4 54. Rb5 Kg6 55. Rb6+ Kg7 56. g5 Rc4 57. f4 Rc1 58. Kg4 Rc7 59. f5 Ra7
60. Kh5 Rc7 61. f6+ 1-0

[Event "43. Olimpiada Batumi 2018 Femenina"]
[Site "Batumi GEO"]
[Date "2018.09.25"]
[Round "2.1"]
[White "Matras-Clement, Agnieszka"]
[Black "Baciu, Diana"]
[Result "1/2-1/2"]
[WhiteElo "2225"]
[BlackElo "2266"]
[PlyCount "97"]
[EventDate "2018.09.24"]
[EventType "team-swiss"]
[EventRounds "11"]
[EventCountry "GEO"]
[SourceTitle "Ajedrez en Madrid"]
[Source "lmi"]
[SourceDate "2018.09.24"]
[WhiteTeam "Canada"]
[BlackTeam "Moldova"]
[WhiteTeamCountry "CAN"]
[BlackTeamCountry "MDA"]

1. e4 c5 2. Nf3 g6 3. d4 Bg7 4. Nc3 cxd4 5. Nxd4 Nc6 6. Be3 Qa5 7. Qd2 Nf6 8.
f3 a6 9. O-O-O b5 10. Nb3 Qc7 11. Nd5 Nxd5 12. exd5 Ne5 13. d6 exd6 14. Qxd6
Qxd6 15. Rxd6 O-O 16. Nc5 Re8 17. Bf2 Bf8 18. Rd1 d6 19. Ne4 Re6 20. h4 Bb7 21.
Ng5 Ree8 22. Bd3 Nxd3+ 23. Rxd3 Re2 24. Rd2 Rae8 25. Kd1 Rxd2+ 26. Kxd2 f6 27.
Nh3 Bh6+ 28. Kd3 Bc8 29. Re1 Bf5+ 30. Kd4 Rxe1 31. Bxe1 Bxc2 32. Bg3 Bb1 33. a4
bxa4 34. Bxd6 Bf8 35. Bxf8 Kxf8 36. Nf4 Kf7 37. Nd5 h5 38. Nb4 a5 39. Nc6 Ke6
40. Nxa5 Kf5 41. Ke3 Ba2 42. Nc6 g5 43. hxg5 fxg5 44. Nd4+ Ke5 45. Ne2 h4 46.
Nc3 Bb3 47. Ne4 Kf5 48. Nd6+ Ke5 49. Ne4 1/2-1/2

[Event "43. Olimpiada Batumi 2018 Femenina"]
[Site "Batumi GEO"]
[Date "2018.09.25"]
[Round "2.2"]
[White "Hincu, Olga"]
[Black "Zhou, Qiyu"]
[Result "0-1"]
[WhiteElo "2124"]
[BlackElo "2207"]
[PlyCount "84"]
[EventDate "2018.09.24"]
[EventType "team-swiss"]
[EventRounds "11"]
[EventCountry "GEO"]
[SourceTitle "Ajedrez en Madrid"]
[Source "lmi"]
[SourceDate "2018.09.24"]
[WhiteTeam "Moldova"]
[BlackTeam "Canada"]
[WhiteTeamCountry "MDA"]
[BlackTeamCountry "CAN"]

1. Nf3 Nf6 2. e3 e6 3. c4 d5 4. Nc3 b6 5. b3 Bb7 6. Bb2 a6 7. Qc2 Bd6 8. Be2 h6
9. d4 Nbd7 10. Nd2 c5 11. a4 O-O 12. Ba3 Qc7 13. Bf3 Rfe8 14. Kf1 cxd4 15. Bxd6
Qxd6 16. exd4 e5 17. Nxd5 Nxd5 18. cxd5 Bxd5 19. Nc4 Bxc4+ 20. bxc4 Rac8 21. d5
Qb4 22. Be2 Nc5 23. Rb1 Qxa4 24. Qxa4 Nxa4 25. Rb4 b5 26. g3 Nc3 27. d6 Red8
28. cxb5 axb5 29. d7 Rc5 30. Bg4 g6 31. Kg2 f5 32. Bd1 Rxd7 33. Bb3+ Kg7 34.
Be6 Rd6 35. Bb3 Rd2 36. h4 Rb2 37. Ra1 Nd5 38. Ra7+ Kf8 39. Ra8+ Ke7 40. Ra7+
Kd8 41. Ra8+ Kc7 42. Ra7+ Kb6 0-1

[Event "43. Olimpiada Batumi 2018 Femenina"]
[Site "Batumi GEO"]
[Date "2018.09.25"]
[Round "2.3"]
[White "Demchenko, Svitlana"]
[Black "Petrenko, Svetlana"]
[Result "1/2-1/2"]
[WhiteElo "2134"]
[BlackElo "2156"]
[PlyCount "108"]
[EventDate "2018.09.24"]
[EventType "team-swiss"]
[EventRounds "11"]
[EventCountry "GEO"]
[SourceTitle "Ajedrez en Madrid"]
[Source "lmi"]
[SourceDate "2018.09.24"]
[WhiteTeam "Canada"]
[BlackTeam "Moldova"]
[WhiteTeamCountry "CAN"]
[BlackTeamCountry "MDA"]

1. e4 d6 2. d4 g6 3. Nc3 Bg7 4. f4 Nf6 5. Nf3 O-O 6. Bd3 c6 7. Be3 b5 8. e5 Ng4
9. Bg1 f5 10. h3 Nh6 11. h4 Qe8 12. Ne2 Na6 13. h5 Nb4 14. a3 Nxd3+ 15. Qxd3
Be6 16. hxg6 Qxg6 17. Ng5 Bc4 18. Qf3 Bd5 19. Qh3 Rfc8 20. O-O-O a5 21. Ng3 b4
22. Nh5 bxa3 23. Qxa3 Bxg2 24. Rh2 Bd5 25. Nxg7 Kxg7 26. Bf2 Bg8 27. Bh4 Ng4
28. Re2 Ra7 29. Be1 Bc4 30. Rg2 Bd5 31. Rg3 Rca8 32. Nf3 Be4 33. Nd2 Bd5 34. c4
Bf7 35. Rc3 Qh6 36. Bg3 Kh8 37. Nf3 Bg8 38. Nh4 Rf8 39. Kb1 d5 40. c5 e6 41.
Qa4 Rc8 42. Rb3 Bf7 43. Rb6 Be8 44. Rd3 Qg7 45. Be1 Rca8 46. Rdb3 Qc7 47. Nf3
h6 48. Bh4 Kg8 49. Nd2 Kf8 50. Nf3 Kf7 51. Nd2 Bd7 52. Nf3 Kf8 53. Kc1 Be8 54.
Kb1 Bd7 1/2-1/2

[Event "43. Olimpiada Batumi 2018 Femenina"]
[Site "Batumi GEO"]
[Date "2018.09.25"]
[Round "2.4"]
[White "Partac, Elena"]
[Black "Agbabishvili, Lali"]
[Result "0-1"]
[WhiteElo "2051"]
[BlackElo "2128"]
[PlyCount "96"]
[EventDate "2018.09.24"]
[EventType "team-swiss"]
[EventRounds "11"]
[EventCountry "GEO"]
[SourceTitle "Ajedrez en Madrid"]
[Source "lmi"]
[SourceDate "2018.09.24"]
[WhiteTeam "Moldova"]
[BlackTeam "Canada"]
[WhiteTeamCountry "MDA"]
[BlackTeamCountry "CAN"]

1. e4 c5 2. Nf3 d6 3. d4 cxd4 4. Qxd4 a6 5. c4 Nc6 6. Qd2 Nf6 7. Nc3 Bg4 8. Nd4
g6 9. Nc2 Bg7 10. h3 Bd7 11. Be2 Rc8 12. Rb1 Ne5 13. b3 Bc6 14. f4 Ned7 15. Bf3
O-O 16. O-O Nc5 17. Qe3 b6 18. Bb2 a5 19. Nd5 e6 20. Nxf6+ Bxf6 21. Bxf6 Qxf6
22. Rbd1 e5 23. fxe5 Qxe5 24. Rd4 Rce8 25. Rfd1 Bxe4 26. Bxe4 Nxe4 27. Re1 f5
28. Rd5 Qb2 29. Nd4 Nf6 30. Ne6 Nxd5 31. cxd5 Rf7 32. Re2 Qa1+ 33. Kf2 Qd1 34.
Rd2 Qc1 35. Qd4 b5 36. Rd1 Qc2+ 37. Rd2 Qe4 38. Qxe4 fxe4+ 39. Ke3 Rc8 40. Kxe4
Rf5 41. g4 Rf1 42. Kd4 Rcc1 43. Rd3 Rfd1 44. Ng5 Rxd3+ 45. Kxd3 Rd1+ 46. Ke4
Ra1 47. Kd4 Kg7 48. Ne4 Rd1+ 0-1

[Event "43. Olimpiada Batumi 2018 Femenina"]
[Site "Batumi GEO"]
[Date "2018.09.25"]
[Round "2.1"]
[White "Sihite, Chelsie Monica Igne"]
[Black "Gomez Barrera, Javiera Belen"]
[Result "1-0"]
[WhiteElo "2244"]
[BlackElo "2035"]
[PlyCount "89"]
[EventDate "2018.09.24"]
[EventType "team-swiss"]
[EventRounds "11"]
[EventCountry "GEO"]
[SourceTitle "Ajedrez en Madrid"]
[Source "lmi"]
[SourceDate "2018.09.24"]
[WhiteTeam "Indonesia"]
[BlackTeam "Chile"]
[WhiteTeamCountry "INA"]
[BlackTeamCountry "CHI"]

1. e4 e5 2. Bc4 Bc5 3. Nf3 Nc6 4. O-O Nf6 5. d3 d6 6. c3 O-O 7. Bg5 h6 8. Bh4
Be6 9. Bb5 a6 10. Ba4 b5 11. Bc2 Bb6 12. a4 Qe7 13. d4 exd4 14. Nxd4 Nxd4 15.
cxd4 g5 16. Bg3 Bg4 17. Qd3 Bh5 18. e5 dxe5 19. dxe5 Bg6 20. exf6 Qc5 21. Qf3
Qxc2 22. Nc3 Qf5 23. Qc6 Qe6 24. axb5 Qxc6 25. bxc6 Rfd8 26. Rfd1 Bd3 27. Na4
Bc2 28. Rxd8+ Rxd8 29. Nxb6 cxb6 30. c7 Re8 31. h3 a5 32. Rc1 Bf5 33. Bd6 b5
34. Be7 Rc8 35. g4 Be6 36. Kh2 Kh7 37. Kg3 Kg6 38. h4 gxh4+ 39. Kxh4 Bc4 40. f4
a4 41. f5+ Kh7 42. Bd6 Rg8 43. Rd1 Rc8 44. Rd4 Bb3 45. Be5 1-0

[Event "43. Olimpiada Batumi 2018 Femenina"]
[Site "Batumi GEO"]
[Date "2018.09.25"]
[Round "2.2"]
[White "Abarca Gonzalez, Damaris"]
[Black "Fisabilillah, Ummi"]
[Result "1/2-1/2"]
[WhiteElo "2037"]
[BlackElo "2227"]
[PlyCount "89"]
[EventDate "2018.09.24"]
[EventType "team-swiss"]
[EventRounds "11"]
[EventCountry "GEO"]
[SourceTitle "Ajedrez en Madrid"]
[Source "lmi"]
[SourceDate "2018.09.24"]
[WhiteTeam "Chile"]
[BlackTeam "Indonesia"]
[WhiteTeamCountry "CHI"]
[BlackTeamCountry "INA"]

1. e4 e6 2. d4 d5 3. Nc3 Bb4 4. e5 c5 5. a3 Bxc3+ 6. bxc3 Qc7 7. Qg4 f5 8. Qg3
Ne7 9. Bd2 O-O 10. Bd3 Nbc6 11. Nf3 Bd7 12. h4 f4 13. Bxf4 Nf5 14. Bxf5 Rxf5
15. O-O Qa5 16. Bh6 Rf7 17. Bd2 cxd4 18. Ng5 Rf5 19. f4 Qc5 20. Kh1 Raf8 21.
Qd3 h5 22. cxd4 Qxd4 23. Qe2 g6 24. Nf3 Qa4 25. Rfc1 Nd4 26. Nxd4 Qxd4 27. Be3
Qe4 28. Qd3 Qxd3 29. cxd3 Bc6 30. d4 Rc8 31. Rc3 Rff8 32. Rb1 Kf7 33. Bd2 Ke8
34. Kh2 Kd7 35. Kg3 b6 36. Kf3 Ba4 37. Rbc1 Rxc3+ 38. Rxc3 Rc8 39. Rxc8 Kxc8
40. Ke3 Bc2 41. Bb4 Kd7 42. Kd2 Be4 43. g3 Kc6 44. Kc3 Bf3 45. Bf8 1/2-1/2

[Event "43. Olimpiada Batumi 2018 Femenina"]
[Site "Batumi GEO"]
[Date "2018.09.25"]
[Round "2.3"]
[White "Nur Abidah, Shanti"]
[Black "Jorquera Cabello, Valentina"]
[Result "1-0"]
[WhiteElo "2152"]
[BlackElo "2031"]
[PlyCount "74"]
[EventDate "2018.09.24"]
[EventType "team-swiss"]
[EventRounds "11"]
[EventCountry "GEO"]
[SourceTitle "Ajedrez en Madrid"]
[Source "lmi"]
[SourceDate "2018.09.24"]
[WhiteTeam "Indonesia"]
[BlackTeam "Chile"]
[WhiteTeamCountry "INA"]
[BlackTeamCountry "CHI"]

1. e4 c5 2. Nf3 Nc6 3. d4 cxd4 4. Nxd4 Nf6 5. Nc3 e5 6. Ndb5 d6 7. Bg5 a6 8.
Na3 b5 9. Nd5 Be7 10. Bxf6 Bxf6 11. c3 Bg5 12. Nc2 Rb8 13. Bd3 O-O 14. O-O Be6
15. Nce3 Ne7 16. Bc2 Bxe3 17. Nxe3 d5 18. exd5 Nxd5 19. Qh5 f5 20. Bxf5 Bxf5
21. Nxf5 g6 22. Nh6+ Kg7 23. Qxe5+ Kxh6 24. Rad1 Rf5 25. Qd4 Qg5 26. h4 Qf4 27.
g4 Re5 28. Qxf4+ Nxf4 29. Rd7 Rbe8 30. Kh2 R8e7 31. Rfd1 Kg7 32. Kg3 Ne2+ 33.
Kf3 Rxd7 34. Rxd7+ Kf6 35. Rd2 Nc1 36. Rd1 Ne2 37. Rd2 Nc1 1-0

[Event "43. Olimpiada Batumi 2018 Femenina"]
[Site "Batumi GEO"]
[Date "2018.09.25"]
[Round "2.4"]
[White "Pinilla Delgado, Sofia Ignacia"]
[Black "Anisa, Aay Aisyah"]
[Result "0-1"]
[WhiteElo "1710"]
[BlackElo "1968"]
[PlyCount "93"]
[EventDate "2018.09.24"]
[EventType "team-swiss"]
[EventRounds "11"]
[EventCountry "GEO"]
[SourceTitle "Ajedrez en Madrid"]
[Source "lmi"]
[SourceDate "2018.09.24"]
[WhiteTeam "Chile"]
[BlackTeam "Indonesia"]
[WhiteTeamCountry "CHI"]
[BlackTeamCountry "INA"]

1. d4 Nf6 2. c4 e6 3. Nc3 d5 4. cxd5 exd5 5. Bg5 Be7 6. e3 c6 7. Qc2 Nbd7 8.
Bd3 Nf8 9. Nge2 Ng6 10. O-O O-O 11. Rad1 Re8 12. f3 Nh5 13. Bxg6 hxg6 14. Bxe7
Qxe7 15. e4 dxe4 16. Nxe4 Bf5 17. N2c3 Rad8 18. Qf2 Nf4 19. Kh1 Qb4 20. a3 Qc4
21. Qe3 Ne6 22. Ne2 Nc7 23. N2c3 Bc8 24. Qd3 Qxd3 25. Rxd3 Ne6 26. Rfd1 f5 27.
Ng3 Rxd4 28. Rxd4 Nxd4 29. Kg1 c5 30. Kf2 Be6 31. Nge2 Nxe2 32. Nxe2 Kf7 33.
Nf4 g5 34. Nd3 Bb3 35. Rc1 b6 36. g3 Rh8 37. Kg1 Kf6 38. Re1 Rd8 39. Re3 c4 40.
Nf2 Rd2 41. g4 g6 42. Re8 Rxb2 43. Rc8 Re2 44. Rf8+ Ke7 45. Rc8 Kd7 46. Rg8 c3
47. Rxg6 0-1

[Event "43. Olimpiada Batumi 2018 Femenina"]
[Site "Batumi GEO"]
[Date "2018.09.25"]
[Round "2.1"]
[White "Javakhishvili, Lela"]
[Black "Dolzhikova, Olga"]
[Result "1-0"]
[WhiteElo "2475"]
[BlackElo "2184"]
[PlyCount "59"]
[EventDate "2018.09.24"]
[EventType "team-swiss"]
[EventRounds "11"]
[EventCountry "GEO"]
[SourceTitle "Ajedrez en Madrid"]
[Source "lmi"]
[SourceDate "2018.09.24"]
[WhiteTeam "Georgia 1"]
[BlackTeam "Norway"]
[BlackTeamCountry "NOR"]

1. d4 Nf6 2. c4 e6 3. Nf3 b6 4. g3 Ba6 5. b3 Bb4+ 6. Bd2 Be7 7. Nc3 d5 8. cxd5
exd5 9. Bg2 O-O 10. O-O Bb7 11. Bc1 Na6 12. Bb2 Qc8 13. Rc1 Qe6 14. Ne5 Nd7 15.
Nd3 c6 16. Nf4 Qh6 17. e4 dxe4 18. Nxe4 Nc7 19. d5 Nxd5 20. Nxd5 cxd5 21. Rc7
Bc6 22. Nc3 Rfc8 23. Rxc6 Qxc6 24. Bxd5 Qc7 25. Qh5 Bf6 26. Qxf7+ Kh8 27. Bxa8
Bxc3 28. Rc1 Rf8 29. Rxc3 Qd8 30. Rc8 1-0

[Event "43. Olimpiada Batumi 2018 Femenina"]
[Site "Batumi GEO"]
[Date "2018.09.25"]
[Round "2.2"]
[White "Hagesather, Ellen"]
[Black "Batsiashvili, Nino"]
[Result "0-1"]
[WhiteElo "2181"]
[BlackElo "2482"]
[PlyCount "90"]
[EventDate "2018.09.24"]
[EventType "team-swiss"]
[EventRounds "11"]
[EventCountry "GEO"]
[SourceTitle "Ajedrez en Madrid"]
[Source "lmi"]
[SourceDate "2018.09.24"]
[WhiteTeam "Norway"]
[BlackTeam "Georgia 1"]
[WhiteTeamCountry "NOR"]

1. Nf3 d5 2. g3 Nf6 3. Bg2 c6 4. O-O Bg4 5. h3 Bxf3 6. Bxf3 e5 7. d3 Bc5 8. Nc3
O-O 9. e4 d4 10. Ne2 Bd6 11. Bg2 c5 12. b3 Nc6 13. f4 b5 14. Kh1 Rc8 15. a4 a6
16. axb5 axb5 17. Bd2 Nd7 18. c3 Ra8 19. cxd4 cxd4 20. Qc2 Rc8 21. Qb1 Bb4 22.
Rd1 Bxd2 23. Rxd2 Nb4 24. Qd1 f6 25. Ng1 Rc3 26. Ra7 Rc7 27. Ra5 Qb8 28. fxe5
fxe5 29. Nf3 Qb6 30. Ra1 Rc3 31. Rb1 Qd6 32. Nh4 g6 33. Bf1 Nc5 34. Qg4 Kh8 35.
Kg1 Ncxd3 36. Bxd3 Nxd3 37. Ra1 Qf6 38. Qe2 Nc1 39. Qxb5 Nxb3 40. Ra6 Qf1+ 41.
Qxf1 Rxf1+ 42. Kxf1 Nxd2+ 43. Kg2 Nxe4 44. Nf3 Rc2+ 45. Kg1 d3 0-1

[Event "43. Olimpiada Batumi 2018 Femenina"]
[Site "Batumi GEO"]
[Date "2018.09.25"]
[Round "2.3"]
[White "Khotenashvili, Bela"]
[Black "Sahl, Sheila Barth"]
[Result "1-0"]
[WhiteElo "2469"]
[BlackElo "2136"]
[PlyCount "65"]
[EventDate "2018.09.24"]
[EventType "team-swiss"]
[EventRounds "11"]
[EventCountry "GEO"]
[SourceTitle "Ajedrez en Madrid"]
[Source "lmi"]
[SourceDate "2018.09.24"]
[WhiteTeam "Georgia 1"]
[BlackTeam "Norway"]
[BlackTeamCountry "NOR"]

1. d4 d5 2. c4 c6 3. Nf3 Nf6 4. Nc3 dxc4 5. a4 Bf5 6. e3 e6 7. Bxc4 Bb4 8. O-O
O-O 9. Qe2 Bg4 10. h3 Bxf3 11. Qxf3 Nbd7 12. Rd1 Qa5 13. e4 e5 14. d5 Nb6 15.
Bb3 cxd5 16. Nxd5 Nbxd5 17. Bxd5 Nxd5 18. Rxd5 Qc7 19. Bg5 a5 20. Rc1 Qb6 21.
Rxe5 Qd4 22. Rb5 Qxb2 23. Rxb7 Qa2 24. e5 Rac8 25. Rxc8 Rxc8 26. Kh2 Rf8 27.
Qg3 Kh8 28. Bf6 gxf6 29. exf6 Bd6 30. Qxd6 Rg8 31. Rb8 h6 32. Qg3 Rxb8 33. Qg7#
1-0

[Event "43. Olimpiada Batumi 2018 Femenina"]
[Site "Batumi GEO"]
[Date "2018.09.25"]
[Round "2.4"]
[White "Machlik, Monika"]
[Black "Arabidze, Meri"]
[Result "0-1"]
[WhiteElo "2059"]
[BlackElo "2404"]
[PlyCount "80"]
[EventDate "2018.09.24"]
[EventType "team-swiss"]
[EventRounds "11"]
[EventCountry "GEO"]
[SourceTitle "Ajedrez en Madrid"]
[Source "lmi"]
[SourceDate "2018.09.24"]
[WhiteTeam "Norway"]
[BlackTeam "Georgia 1"]
[WhiteTeamCountry "NOR"]

1. d4 Nf6 2. c4 e6 3. Nc3 Bb4 4. Qc2 O-O 5. a3 Bxc3+ 6. Qxc3 b6 7. Bg5 Bb7 8.
f3 h6 9. Bh4 d6 10. e4 c5 11. dxc5 bxc5 12. Rd1 Nc6 13. Bf2 Qc7 14. Bd3 a5 15.
Ne2 a4 16. O-O e5 17. Qd2 Nd4 18. Nc3 Rfb8 19. Be3 Qd8 20. Qf2 Nh5 21. Kh1 Bc6
22. Rb1 Rb7 23. Rfd1 Rab8 24. Rd2 Qf6 25. Nd5 Bxd5 26. exd5 Nf4 27. Be4 Qd8 28.
g3 Nh3 29. Qg2 Ng5 30. h4 Nxe4 31. fxe4 Rb3 32. Bxd4 exd4 33. Re1 Qe7 34. Ree2
Qe5 35. Kh2 R8b7 36. Kh3 Re7 37. Re1 f5 38. Rf2 fxe4 39. Ref1 d3 40. Rf8+ Kh7
0-1